000 00293nam a22001337a 4500
008 170710b xxu||||| |||| 00| 0 eng d
020 _a9780791000328
041 _aeng
080 _a030
100 _a23
101 _aENC
245 _aTHE ENCYCLOPEDIA OF HEALTH
_cNARDO,D
942 _2udc
_cBK
999 _c20106
_d20106